| 000 | 00741cam a2200277 i 4500 | ||
|---|---|---|---|
| 001 | 4663879 | ||
| 003 | LC | ||
| 005 | 20160317154406.0 | ||
| 008 | 801217s1981 nyu 000 1 eng | ||
| 010 | _a 80028302 | ||
| 020 | _c$15.00 | ||
| 040 |
_aDLC _cDLC _dDLC _dOCoLC |
||
| 043 | _af-tz--- | ||
| 050 | 0 | 0 |
_aPZ 4 _b.K233 1981 |
| 082 | 0 | 0 |
_aFIC _bK18t 1981 |
| 100 | 1 |
_aKaye, M. M. _q(Mary Margaret), _d1908-2004. _918980 |
|
| 245 | 1 | 0 |
_aTrade wind / _cM.M. Kaye. |
| 260 |
_aEngland : _bPenguin Books, _cc1981. |
||
| 300 |
_a553 p. ; _c18 cm. |
||
| 562 | _e1 | ||
| 650 | 0 |
_aFiction _9746 |
|
| 655 | 7 |
_aHistorical fiction. _2gsafd _92926 |
|
| 906 |
_a7 _bcbc _corignew _du _eocip _f19 _gy-gencatlg |
||
| 942 |
_2lcc _cBK |
||
| 999 |
_c11110 _d11110 |
||